LEADER 01129cam0-22004091i-450- 001 990006087140403321 005 20060918122854.0 010 $a88-204-2366-9 035 $a000608714 035 $aFED01000608714 035 $a(Aleph)000608714FED01 035 $a000608714 100 $a20000112d1987----km-y0itay50------ba 101 0 $aita 102 $aIT 105 $ay-------001yy 200 1 $aComparable worth e segregazione del lavoro femminile$fL. Frey ... [et al.] 210 $aMilano$cFranco Angeli$d1987 215 $a168 p.$d22 cm 225 1 $aQuaderni di economia del lavoro$v29 676 $a331.4$v20$zita 676 $a306 676 $a331 676 $a18240 702 1$aFrey,$bLuigi$f<1934- > 801 0$aIT$bUNINA$gRICA$2UNIMARC 901 $aBK 912 $a990006087140403321 952 $aC-XIII-3$b556 lav.$fDDRC 952 $aVII F 277 (29)$b6433*$fFGBC 952 $aEco-1.Q$b6923/e$fSES 952 $aXV C 223 (29)$b6433*$fFGBC 959 $aFGBC 959 $aDDRC 959 $aSES 996 $aComparable worth e segregazione del lavoro femminile$9576757 997 $aUNINA LEADER 01228nas 2200385-a 450 001 996213002703316 005 20180509110753.8 011 $a1097-6345 035 $a(OCoLC)185327885 035 $a(CKB)991042753998544 035 $a(CONSER)--2008263004 035 $a(EXLCZ)99991042753998544 100 $a20071231a19979999 s-- - 101 0 $aeng 135 $aur||||||||||| 181 $ctxt$2rdacontent 182 $cc$2rdamedia 183 $acr$2rdacarrier 200 10$aSan Francisco 210 $aSan Francisco, CA $cSan Francisco Focus 300 $a"Focus on the Bay area." 606 $aManners and customs$2fast$3(OCoLC)fst01007815 607 $aSan Francisco (Calif.)$vPeriodicals 607 $aSan Francisco Bay Area (Calif.)$vPeriodicals 607 $aSan Francisco (Calif.)$xSocial life and customs$vPeriodicals 607 $aSan Francisco Bay Area (Calif.)$xSocial life and customs$vPeriodicals 607 $aCalifornia$zSan Francisco$2fast 607 $aCalifornia$zSan Francisco Bay Area$2fast 608 $aPeriodicals.$2fast 615 7$aManners and customs. 676 $a051 906 $aJOURNAL 912 $a996213002703316 996 $aSan Francisco$9822541 997 $aUNISA